Foundations of computer science (Record no. 5275)
[ view plain ]
| 000 -LEADER | |
|---|---|
| fixed length control field | 00553 a2200181 4500 |
| 040 ## - CATALOGING SOURCE | |
| Original cataloging agency | DLC |
| Language of cataloging | DLC |
| 082 00 - DEWEY DECIMAL CLASSIFICATION NUMBER | |
| Classification number | 004 |
| 100 1# - MAIN ENTRY--PERSONAL NAME | |
| Personal name | Aho, Alfred V. |
| 245 10 - TITLE STATEMENT | |
| Title | Foundations of computer science |
| Statement of responsibility, etc. | Alfred V. Aho, Jeffrey D. Ullman. |
| 250 ## - EDITION STATEMENT | |
| Edition statement | C ed. |
| 260 ## - PUBLICATION, DISTRIBUTION, ETC. | |
| Place of publication, distribution, etc. | Islmabad : |
| Name of publisher, distributor, etc. | National Book Foundation, |
| Date of publication, distribution, etc. | 1995. |
| 300 ## - PHYSICAL DESCRIPTION | |
| Extent | xiii, 786 p. : |
| Other physical details | ill. ; |
| Dimensions | 26 cm. |
| 440 #0 - SERIES STATEMENT/ADDED ENTRY--TITLE | |
| Title | Principles of computer science series |
| 650 #0 - SUBJECT ADDED ENTRY--TOPICAL TERM | |
| Topical term or geographic name entry element | Computer science. |
| 650 #0 - SUBJECT ADDED ENTRY--TOPICAL TERM | |
| Topical term or geographic name entry element | C (Computer program language) |
| 700 10 - ADDED ENTRY--PERSONAL NAME | |
| Personal name | Ullman, Jeffrey D., |
| Dates associated with a name | 1942- |
| 942 ## - ADDED ENTRY ELEMENTS (KOHA) | |
| Koha item type | Book |
| Call number prefix | 004 AHO |
| Source of classification or shelving scheme | |
| Withdrawn status | Lost status | Damaged status | Not for loan | Collection code | Permanent Location | Current Location | Shelving location | Date acquired | Source of acquisition | Cost, normal purchase price | Full call number | Barcode | Date last seen | Price effective from | Koha item type | Total Checkouts |
|---|---|---|---|---|---|---|---|---|---|---|---|---|---|---|---|---|
| Central Library (CL) | Central Library (CL) | First Floor - Computer Science | 12/13/2006 | Donation | 0.00 | 004 AHO | SEECS007858 | 11/14/2012 | 01/05/2017 | Book | ||||||
| Central Library (CL) | Central Library (CL) | First Floor - Computer Science | 03/06/2008 | Donation | 004 AHO | SEECS003561 | 11/14/2012 | 01/05/2017 | Book | |||||||
| NUST Law School (NLS) | NUST Law School (NLS) | First Floor - Computer Science | 12/13/2006 | Donation | 0.00 | 004 AHO | SEECS007857 | 11/14/2012 | 01/05/2017 | Book | ||||||
| NUST Law School (NLS) | NUST Law School (NLS) | First Floor - Computer Science | 03/06/2008 | Donation | 004 AHO | SEECS003562 | 11/14/2012 | 01/05/2017 | Book |
